|
|
|
|
| LEADER |
01749nam a2200277 a 4500 |
| 001 |
GR-MES539 |
| 008 |
991111s1975 gr 000 0 gre d |
| 040 |
|
|
|a GrPaTEI
|b gre
|c GR-PaULI
|
| 245 |
0 |
0 |
|a Μακροοικονομική θεωρία =
|b Macroeconomic theory.
|
| 260 |
|
|
|a Αθήναι :
|b Παπαζήση,
|c 1975
|
| 300 |
|
|
|a σελ. :
|b 551-773.σχημ
|
| 490 |
0 |
|
|a Βιβλιοθήκη συγχρόνου οικονομικής αναλύσεως ;
|v 11β
|
| 650 |
|
4 |
|a ΜΑΚΡΟΟΙΚΟΝΟΜΙΑ
|
| 650 |
|
4 |
|a Οικονομία
|
| 700 |
1 |
|
|a Ackley, Gardner
|
| 700 |
1 |
|
|a Διαμαντόπουλος, Θανάσης Σ.,
|d 1951-
|
| 700 |
1 |
|
|a Κολλιάκος, Μιχάλης
|
| 710 |
0 |
|
|a Παπαζήση
|
| 942 |
|
|
|2 ddc
|
| 971 |
|
|
|a .b2571580x
|b 16-04-20
|c 13-09-16
|
| 999 |
|
|
|c 151887
|d 151887
|
| 952 |
|
|
|0 0
|1 0
|2 ddc
|4 0
|6 339_000000000000000_ACK
|7 0
|9 263806
|a MSLG
|b MSLG
|c BSC
|d 2021-01-17
|e 24
|f 0
|g 0.00
|l 0
|o 339 ACK
|p 2420000000090
|r 2021-01-17
|t 1
|w 2021-01-17
|y BK15
|x 20080121 0 1
|x GrPaTEI
|
| 952 |
|
|
|0 0
|1 0
|2 ddc
|4 0
|6 339_000000000000000_ACK
|7 0
|9 263807
|a MSLG
|b MSLG
|c BSC
|d 2021-01-17
|e 24
|f 0
|g 0.00
|l 0
|o 339 ACK
|p 2420000005137
|r 2021-01-17
|t 1
|w 2021-01-17
|y BK15
|x 20080121 0 1
|x GrPaTEI
|
| 952 |
|
|
|0 0
|1 0
|2 ddc
|4 0
|6 339_000000000000000_ACK
|7 0
|9 263808
|a MSLG
|b MSLG
|c BSC
|d 2021-01-17
|e 24
|f 0
|g 0.00
|l 0
|o 339 ACK
|p 2420000005142
|r 2021-01-17
|t 1
|w 2021-01-17
|y BK15
|x 19991111 0 1
|x GrPaTEI
|
| 952 |
|
|
|0 0
|1 0
|2 ddc
|4 0
|6 339_000000000000000_ACK
|7 0
|9 263809
|a MSLG
|b MSLG
|c BSC
|d 2021-01-17
|e 24
|f 0
|g 0.00
|l 0
|o 339 ACK
|p 2420000006805
|r 2021-01-17
|t 1
|w 2021-01-17
|y BK15
|x 20080121 0 1
|x GrPaTEI
|
| 952 |
|
|
|0 0
|1 0
|2 ddc
|4 0
|6 339_000000000000000_ACK
|7 0
|9 263810
|a MSLG
|b MSLG
|c BSC
|d 2021-01-17
|e 24
|f 0
|g 0.00
|l 0
|o 339 ACK
|p 2420000006806
|r 2021-01-17
|t 1
|w 2021-01-17
|y BK15
|x 19991111 0 1
|x GrPaTEI
|